| 000 | 00690nam a2200205Ia 4500 | ||
|---|---|---|---|
| 005 | 20240524151559.0 | ||
| 008 | 220524s9999 xx 000 0 und d | ||
| 020 | _a9781780975696 | ||
| 041 | _aeng | ||
| 082 |
_a746.92 _bANG |
||
| 100 |
_aAngus Emily _9204431 |
||
| 245 | _aThe Fashion Dictionary : A Visual Resource for Term, Techniques & Styles | ||
| 260 |
_bCarlton Books _c2015 _aLondon |
||
| 300 | _a352 | ||
| 520 | _a• Fashion Terminology • Styles and Components of Dress • Design, Tailoring, and Stitching. • Textiles and Embellishments | ||
| 650 |
_aFashion Design _9180703 |
||
| 700 |
_aBaudis Macushla _aWoodcock Philippa _9206571 |
||
| 906 | _a1242 | ||
| 942 | _cRF | ||
| 999 |
_c5900 _d5900 |
||